[Event "2nd GMA World Cup prel  #2"]
[Site "Moscow URS"]
[Date "1989.??.??"]
[Round "6"]
[White "Veroci-Petronic, Zsuzsa"]
[Black "Makarichev, Sergei"]
[Result "1/2-1/2"]
[WhiteElo "2335"]
[BlackElo "2500"]
[EventDate "1989.05.??"]
[PlyCount "35"]

1.e4 c5 2.Nf3 Nc6 3.d4 cxd4 4.Nxd4 Nf6 5.Nc3 d6 6.Bc4 Bd7 7.Bb3 g6 8.h3 
Nxd4 9.Qxd4 Bg7 10.O-O O-O 11.Qd3 Bc6 12.Bg5 Nd7 13.Bd5 Re8 14.Rfe1 Rc8 
15.Rab1 Ne5 16.Qe2 h6 17.Bh4 Qb6 18.Bb3 1/2-1/2

[Event "2nd GMA World Cup prel  #2"]
[Site "Moscow URS"]
[Date "1989.??.??"]
[Round "6"]
[White "Nikolic, Stanimir"]
[Black "Sunye Neto, Jaime"]
[Result "1-0"]
[WhiteElo "2320"]
[BlackElo "2510"]
[EventDate "1989.05.??"]
[PlyCount "55"]

1.d4 Nf6 2.c4 e6 3.Nf3 Bb4+ 4.Bd2 Bxd2+ 5.Nbxd2 d5 6.e3 Nbd7 7.cxd5 exd5 
8.Qc2 c6 9.Bd3 O-O 10.g4 g6 11.h3 Qe7 12.g5 Nh5 13.O-O-O c5 14.Rdg1 cxd4 
15.Nxd4 Nc5 16.Be2 Ng7 17.Bg4 Bxg4 18.hxg4 Rac8 19.Kb1 Qxg5 20.Qd1 Ne4 21.
Nxe4 dxe4 22.Qf1 Ne8 23.Nf5 Rc7 24.Rxh7 gxf5 25.Rh5 Qd8 26.gxf5+ Ng7 27.f6
Qxf6 28.Qh3 1-0

[Event "2nd GMA World Cup prel  #2"]
[Site "Moscow URS"]
[Date "1989.??.??"]
[Round "6"]
[White "Fishbein, Alexander"]
[Black "Iailian, Mikhail"]
[Result "0-1"]
[WhiteElo "2490"]
[BlackElo "2325"]
[EventDate "1989.05.??"]
[PlyCount "120"]

1.e4 c5 2.Nf3 e6 3.d4 cxd4 4.Nxd4 Nf6 5.Nc3 d6 6.Be2 Be7 7.O-O O-O 8.f4 
Nc6 9.Be3 Bd7 10.Nb3 a6 11.a4 b6 12.Bf3 Rb8 13.Qe2 Qc8 14.Bf2 Na5 15.e5 
Ne8 16.Ne4 Nc4 17.Bd4 Qc7 18.Qd3 dxe5 19.fxe5 b5 20.axb5 Bxb5 21.Qc3 Nb6 
22.Qxc7 Nxc7 23.Rfd1 Nbd5 24.Nbc5 Nb4 25.Rd2 Rfd8 26.Rad1 Nc6 27.b3 Nxd4 
28.Rxd4 Rxd4 29.Rxd4 Bc6 30.Nd6 Bxf3 31.gxf3 Nb5 32.Rd3 Nc7 33.c4 Bg5 34.
Kg2 Bf4 35.Nxf7 Kxf7 36.Rd7+ Kg6 37.Rxc7 Bxe5 38.Rc6 Kf5 39.Rxa6 Rd8 40.
Ne4 Rd1 41.Ra5 Kf4 42.Ra2 Bd4 43.Rd2 Rg1+ 44.Kh3 e5 45.Rg2 Kxf3 46.Ng5+ 
Kf4 47.Ne6+ Ke4 48.Rxg1 Bxg1 49.Kg2 Ba7 50.b4 g5 51.b5 g4 52.Kg3 h5 53.Nf8
Kd3 54.Nd7 e4 55.b6 Bb8+ 56.Nxb8 e3 57.Nc6 e2 58.b7 e1=Q+ 59.Kf4 Qf2+ 60.
Kg5 Qxh2 0-1

[Event "2nd GMA World Cup prel  #2"]
[Site "Moscow URS"]
[Date "1989.??.??"]
[Round "6"]
[White "Lukov, Valentin"]
[Black "Prins, Lodewijk"]
[Result "1-0"]
[WhiteElo "2470"]
[BlackElo "2265"]
[EventDate "1989.05.??"]
[PlyCount "111"]

1.d4 d6 2.Nf3 c6 3.c4 Nf6 4.Nc3 Qa5 5.Bd2 e5 6.d5 Qc7 7.e4 Be7 8.Bd3 Nbd7 
9.b4 O-O 10.O-O Re8 11.h3 Nh5 12.Re1 c5 13.a3 Nf4 14.Bf1 Ng6 15.Be3 b6 16.
Rb1 Rf8 17.Qc2 Nf4 18.g3 Nh5 19.Kh2 g6 20.Bd3 Ndf6 21.Bh6 Ng7 22.bxc5 bxc5
23.Qa4 Bd7 24.Qa6 Rab8 25.Nb5 Bxb5 26.Rxb5 Rxb5 27.Qxb5 Rb8 28.Qa4 Nd7 29.
Rb1 Rxb1 30.Bxb1 Ne8 31.Bd2 Bd8 32.Bc2 Nef6 33.Qb5 Kg7 34.Bc3 Nb8 35.Nd2 
a6 36.Qb2 Nfd7 37.a4 f6 38.a5 Kf8 39.Ba4 Be7 40.Nb3 Kf7 41.Qe2 Nf8 42.f4 
exf4 43.gxf4 Nbd7 44.Nd2 Kg8 45.Nf3 h6 46.h4 Nh7 47.Qg2 Kf7 48.Kh1 Ndf8 
49.Bc2 Qd8 50.e5 Qe8 51.h5 g5 52.e6+ Kg8 53.Qg4 f5 54.Qxf5 Qxh5+ 55.Nh2 
Qe8 56.Ng4 1-0

[Event "2nd GMA World Cup prel  #2"]
[Site "Moscow URS"]
[Date "1989.??.??"]
[Round "6"]
[White "Glek, Igor"]
[Black "Vreeken, Corry"]
[Result "1-0"]
[WhiteElo "2475"]
[BlackElo "2165"]
[EventDate "1989.05.??"]
[PlyCount "47"]

1.d4 c5 2.d5 e5 3.e4 d6 4.Nf3 g6 5.Nc3 a6 6.a4 Bg4 7.Be2 Bg7 8.Nd2 Bxe2 9.
Qxe2 Nd7 10.a5 Qe7 11.Nc4 Nh6 12.h4 f6 13.h5 Kf7 14.Ra3 Rab8 15.f4 exf4 
16.Bxf4 Ne5 17.Nxe5+ fxe5 18.Bd2 Rbf8 19.Na4 Kg8 20.Rg3 Nf7 21.h6 Bf6 22.
O-O Qd8 23.Qg4 Re8 24.Rgf3 1-0

[Event "2nd GMA World Cup prel  #2"]
[Site "Moscow URS"]
[Date "1989.??.??"]
[Round "6"]
[White "Padevsky, Nikola"]
[Black "Heemskerk, Fenny"]
[Result "1-0"]
[WhiteElo "2435"]
[BlackElo "2025"]
[EventDate "1989.05.??"]
[PlyCount "70"]

1.d4 Nf6 2.c4 e6 3.Nc3 Bb4 4.a3 Bxc3+ 5.bxc3 h6 6.f3 d5 7.cxd5 exd5 8.e3 
O-O 9.Bd3 Re8 10.Ne2 b6 11.Ng3 Bb7 12.O-O Nbd7 13.Ra2 c5 14.Nf5 Qc7 15.g4 
a5 16.Re1 Re6 17.Rg2 Kf8 18.Qd2 Ng8 19.Bb2 g6 20.Ng3 Ndf6 21.h4 Rae8 22.g5
hxg5 23.hxg5 Nd7 24.e4 c4 25.Bc2 b5 26.e5 Qb6 27.f4 Rc6 28.Rf2 Ke7 29.f5 
Kd8 30.e6 fxe6 31.f6 Rf8 32.Bxg6 b4 33.axb4 axb4 34.Bh7 Ngxf6 35.gxf6 Nxf6
1-0

[Event "2nd GMA World Cup prel  #2"]
[Site "Moscow URS"]
[Date "1989.??.??"]
[Round "7"]
[White "Gelfand, Boris"]
[Black "Dolmatov, Sergei"]
[Result "0-1"]
[WhiteElo "2600"]
[BlackElo "2580"]
[EventDate "1989.05.??"]
[PlyCount "150"]

1.e4 e6 2.d4 d5 3.Nd2 a6 4.Ngf3 c5 5.dxc5 Bxc5 6.Bd3 Nf6 7.O-O dxe4 8.Nxe4
Be7 9.Qe2 Nbd7 10.c4 O-O 11.Bg5 h6 12.Nxf6+ Nxf6 13.Bh4 Bd7 14.Rad1 Qc7 
15.Ne5 Bc6 16.b4 Rfd8 17.a3 Be8 18.Bg3 Qc8 19.Rc1 b6 20.Qf3 Ra7 21.Qe3 Nd7
22.Be4 Bg5 23.f4 Nxe5 24.fxg5 Nxc4 25.Qe2 b5 26.gxh6 f5 27.Bd3 gxh6 28.
Bxc4 bxc4 29.Rxc4 Qd7 30.Bf2 Raa8 31.Rh4 h5 32.Bd4 Bg6 33.Rf3 Qe7 34.Rg3 
Kf7 35.Qe5 Qxh4 36.Qg7+ Ke8 37.Qxg6+ Kd7 38.Bf2 Qc4 39.Re3 Re8 40.Qg7+ Re7
41.Qf6 Rg8 42.Re1 Qd5 43.g3 h4 44.Qxh4 Rg4 45.Qh8 Re4 46.Rc1 Rc4 47.Rxc4 
Qxc4 48.Bc5 Re8 49.Qg7+ Kc6 50.Qa7 Qb5 51.Qf7 Qb8 52.g4 fxg4 53.Bf2 Qd8 
54.Qa7 Qd1+ 55.Kg2 Qd5+ 56.Kg1 Qc4 57.Qb6+ Kd5 58.Qb7+ Qc6 59.Qh7 e5 60.
Bc5 e4 61.Qf5+ Re5 62.Qxg4 Qe6 63.Qe2 Qg6+ 64.Kf1 Rf5+ 65.Ke1 Rf3 66.Qa2+ 
Ke5 67.Qc4 Rd3 68.Bf2 Kf5 69.Bg3 Qf6 70.Qc8+ Kg5 71.Qc1+ Kg6 72.a4 Qd4 73.
Bf2 Qxb4+ 74.Kf1 Qxa4 75.Kg2 Qd7 0-1

[Event "2nd GMA World Cup prel  #2"]
[Site "Moscow URS"]
[Date "1989.??.??"]
[Round "7"]
[White "Tukmakov, Vladimir"]
[Black "Gavrikov, Viktor"]
[Result "0-1"]
[WhiteElo "2590"]
[BlackElo "2535"]
[EventDate "1989.05.??"]
[PlyCount "56"]

1.d4 Nf6 2.c4 g6 3.Nc3 d5 4.cxd5 Nxd5 5.e4 Nxc3 6.bxc3 Bg7 7.Nf3 c5 8.Rb1 
O-O 9.Be2 cxd4 10.cxd4 Qa5+ 11.Bd2 Qxa2 12.O-O Nd7 13.Bb4 Nb6 14.Qd3 Be6 
15.d5 Nxd5 16.exd5 Bf5 17.Qe3 Bxb1 18.Bxe7 Rfc8 19.Ng5 Bf5 20.Bf3 Rc3 21.
Qf4 Qc4 22.Qxc4 Rxc4 23.d6 Rd4 24.Bxb7 Rb8 25.Bc6 h6 26.Nf3 Rc4 27.Bd5 Rc5
28.Ba2 Bd7 0-1

[Event "2nd GMA World Cup prel  #2"]
[Site "Moscow URS"]
[Date "1989.??.??"]
[Round "7"]
[White "Dlugy, Maxim"]
[Black "Olafsson, Helgi"]
[Result "1/2-1/2"]
[WhiteElo "2570"]
[BlackElo "2520"]
[EventDate "1989.05.??"]
[PlyCount "103"]

1.d4 Nf6 2.c4 e6 3.Nf3 d5 4.Nc3 Be7 5.Bg5 h6 6.Bh4 O-O 7.e3 b6 8.Qb3 Bb7 
9.Bxf6 Bxf6 10.cxd5 exd5 11.Rd1 c6 12.Bd3 Na6 13.O-O Nc7 14.e4 Ne6 15.e5 
Be7 16.Bb1 Re8 17.Qc2 g6 18.Qd2 Bf8 19.Rfe1 Rc8 20.Ne2 Rc7 21.h4 Bg7 22.h5
g5 23.Ng3 Bc8 24.Nf5 Nf4 25.Qc2 Bxf5 26.Qxf5 Kf8 27.g3 Ne6 28.Re3 Qd7 29.
Qh7 Ke7 30.b4 Kd8 31.Nh2 Kc8 32.Ng4 Qe7 33.Nxh6 Rh8 34.Nf5 Qxb4 35.Nd6+ 
Kb8 36.Qf5 Nxd4 37.Qxg5 Ne6 38.Qf5 Re7 39.h6 Rxh6 40.Nxf7 Nd4 41.Rxd4 Qxd4
42.Nxh6 Bxh6 43.Kg2 Bg7 44.Qg5 Qc5 45.Qf4 Kc7 46.Re2 b5 47.a4 a6 48.Bd3 d4
49.e6+ Qd6 50.Qg5 Kb6 51.axb5 axb5 52.f4 1/2-1/2

[Event "2nd GMA World Cup prel  #2"]
[Site "Moscow URS"]
[Date "1989.??.??"]
[Round "7"]
[White "Vasiukov, Evgeny"]
[Black "Chernin, Alexander"]
[Result "0-1"]
[WhiteElo "2510"]
[BlackElo "2580"]
[EventDate "1989.05.??"]
[PlyCount "104"]

1.e4 e6 2.d3 d5 3.Qe2 Nc6 4.g3 Nd4 5.Qd1 e5 6.c3 Ne6 7.Qc2 dxe4 8.dxe4 c6 
9.Nf3 Bd6 10.Nbd2 Bc7 11.b3 Qf6 12.Be2 Ne7 13.h4 O-O 14.a4 Rd8 15.Nc4 h6 
16.Nh2 Nf8 17.Ba3 Bb6 18.O-O Bh3 19.Ng4 Qe6 20.Ncxe5 Bxf1 21.Kxf1 h5 22.
Bc4 Nd5 23.exd5 cxd5 24.Bd3 hxg4 25.Re1 Qf6 26.Kg2 Rac8 27.c4 dxc4 28.Bxc4
Re8 29.Bb2 Rxc4 30.bxc4 Ng6 31.f4 Nxe5 32.Qe4 Qe6 33.fxe5 Rc8 34.Rc1 Qd7 
35.Qe2 Rd8 36.Rc2 Qxa4 37.c5 Qc6+ 38.Kh2 Bxc5 39.e6 b6 40.exf7+ Kxf7 41.
Qc4+ Qe6 42.Qc3 Qg6 43.Re2 Kg8 44.Qc4+ Kh7 45.Bc3 Rf8 46.Qa6 Qb1 47.Qa1 
Qxa1 48.Bxa1 Rf2+ 49.Rxf2 Bxf2 50.Kg2 Bc5 51.Kf1 Bd6 52.Kf2 g6 0-1

[Event "2nd GMA World Cup prel  #2"]
[Site "Moscow URS"]
[Date "1989.??.??"]
[Round "7"]
[White "Dokhoian, Yury"]
[Black "Kotronias, Vasilios"]
[Result "1/2-1/2"]
[WhiteElo "2575"]
[BlackElo "2505"]
[EventDate "1989.05.??"]
[PlyCount "135"]

1.d4 Nf6 2.Nf3 d5 3.c4 e6 4.Nc3 Be7 5.Bg5 h6 6.Bh4 O-O 7.e3 b6 8.Qb3 Bb7 
9.Bxf6 Bxf6 10.cxd5 exd5 11.Rd1 Re8 12.g3 Nc6 13.Bg2 Na5 14.Qc2 c5 15.O-O 
Rc8 16.Bh3 Rc6 17.dxc5 Rxc5 18.Nd4 Nc6 19.Rd2 Nxd4 20.exd4 Rc4 21.Rfd1 Bc8
22.Bxc8 Qxc8 23.Rd3 Qf5 24.Qd2 Bg5 25.f4 Bf6 26.Qf2 Qh5 27.R3d2 Rd8 28.Kg2
a6 29.Qf3 Qxf3+ 30.Kxf3 Kf8 31.Rd3 Ke7 32.R1d2 b5 33.Nd1 h5 34.Ne3 Rc6 35.
Rc2 Rxc2 36.Nxc2 Rc8 37.Nb4 Kd6 38.Ra3 Bxd4 39.Rxa6+ Kc5 40.Nd3+ Kc4 41.
Ne5+ Bxe5 42.fxe5 Kd4 43.Rb6 Rc5 44.Kf4 Kd3 45.Rb7 Rc1 46.Rxb5 Rf1+ 47.Kg5
d4 48.a4 Kc2 49.Rc5+ Kxb2 50.Rb5+ Kc3 51.Rc5+ Kb4 52.Rd5 Kc4 53.Rd7 d3 54.
a5 Kc3 55.Rc7+ Kd4 56.a6 Ke3 57.a7 Ra1 58.e6 Ra5+ 59.Kh4 fxe6 60.Re7 Kd2 
61.Rxg7 Kd1 62.Re7 d2 63.Rxe6 Rxa7 64.Rd6 Ra3 65.g4 hxg4 66.Kxg4 Ke2 67.
Rxd2+ Kxd2 68.h4 1/2-1/2

[Event "2nd GMA World Cup prel  #2"]
[Site "Moscow URS"]
[Date "1989.??.??"]
[Round "7"]
[White "Dorfman, Iosif"]
[Black "Smejkal, Jan"]
[Result "1-0"]
[WhiteElo "2565"]
[BlackElo "2515"]
[EventDate "1989.05.??"]
[PlyCount "77"]

1.d4 Nf6 2.Nf3 g6 3.c4 Bg7 4.g3 O-O 5.Bg2 d6 6.O-O Nc6 7.d5 Na5 8.Nbd2 c5 
9.Ne1 b5 10.cxb5 Rb8 11.Nc2 Rxb5 12.Rb1 Ba6 13.Re1 c4 14.e4 Nd7 15.b4 cxb3
16.Nxb3 Nxb3 17.axb3 Rb7 18.Nd4 Nc5 19.Nc6 Qe8 20.Bf1 Bxf1 21.Kxf1 Nd7 22.
Bb2 Bxb2 23.Rxb2 Ne5 24.Nd4 Qd7 25.Kg2 e6 26.f4 Nc4 27.Rf2 Nb6 28.dxe6 
fxe6 29.f5 exf5 30.exf5 gxf5 31.Nxf5 Qc6+ 32.Kh3 Qc8 33.Qg4+ Kh8 34.Qd4+ 
Kg8 35.Kg2 Qc6+ 36.Kg1 d5 37.Ne7+ Rxe7 38.Rxf8+ Kxf8 39.Qh8+ 1-0

[Event "2nd GMA World Cup prel  #2"]
[Site "Moscow URS"]
[Date "1989.??.??"]
[Round "7"]
[White "Pigusov, Evgeny"]
[Black "Vladimirov, Evgeny"]
[Result "1/2-1/2"]
[WhiteElo "2525"]
[BlackElo "2550"]
[EventDate "1989.05.??"]
[PlyCount "24"]

1.Nf3 d5 2.g3 c6 3.Bg2 Bg4 4.b3 Nd7 5.Bb2 Ngf6 6.O-O e6 7.c4 Bd6 8.d4 Bxf3
9.Bxf3 O-O 10.Nd2 Qe7 11.Qc2 Ba3 12.Qc1 Bxb2 1/2-1/2

[Event "2nd GMA World Cup prel  #2"]
[Site "Moscow URS"]
[Date "1989.??.??"]
[Round "7"]
[White "Makarichev, Sergei"]
[Black "Eingorn, Viacheslav"]
[Result "1/2-1/2"]
[WhiteElo "2500"]
[BlackElo "2570"]
[EventDate "1989.05.??"]
[PlyCount "42"]

1.c4 Nf6 2.Nc3 e5 3.Nf3 Nc6 4.g3 Nd4 5.Bg2 Nxf3+ 6.Bxf3 Bb4 7.Qb3 a5 8.O-O
O-O 9.d3 d6 10.Na4 Nd7 11.Qd1 Bc5 12.Nxc5 Nxc5 13.d4 Ne6 14.Be3 Qf6 15.
dxe5 dxe5 16.Qa4 Nd4 17.Bxd4 exd4 18.Rfd1 c6 19.Qb3 c5 20.Qa3 Qb6 21.e3 
dxe3 1/2-1/2

[Event "2nd GMA World Cup prel  #2"]
[Site "Moscow URS"]
[Date "1989.??.??"]
[Round "7"]
[White "Razuvaev, Yury"]
[Black "Dreev, Alexei"]
[Result "1/2-1/2"]
[WhiteElo "2550"]
[BlackElo "2520"]
[EventDate "1989.05.??"]
[PlyCount "46"]

1.d4 d5 2.Nf3 Nf6 3.c4 c6 4.Nc3 e6 5.Bg5 h6 6.Bxf6 Qxf6 7.e3 Nd7 8.Bd3 
dxc4 9.Bxc4 Bd6 10.O-O Qe7 11.Ne4 Bc7 12.Rc1 O-O 13.Qe2 Rd8 14.Rfd1 Nf8 
15.Ne5 Bd7 16.f4 Be8 17.a3 a5 18.Ba2 Kh8 19.Qf3 a4 20.h3 Bb6 21.Nc5 f6 22.
Ned3 Bg6 23.Kh1 Ra5 1/2-1/2

[Event "2nd GMA World Cup prel  #2"]
[Site "Moscow URS"]
[Date "1989.??.??"]
[Round "7"]
[White "Ubilava, Elizbar"]
[Black "Vyzhmanavin, Alexei"]
[Result "1/2-1/2"]
[WhiteElo "2515"]
[BlackElo "2550"]
[EventDate "1989.05.??"]
[PlyCount "48"]

1.g3 d5 2.Bg2 c6 3.d3 e5 4.Nf3 Bd6 5.e4 Nf6 6.O-O O-O 7.Nbd2 Re8 8.c3 Nbd7
9.Qc2 a5 10.a4 Qc7 11.d4 Nxe4 12.Nxe4 dxe4 13.Qxe4 Nf6 14.Qc2 exd4 15.Nxd4
Be5 16.Nf3 Bd6 17.Bg5 Nd5 18.Rfe1 Bg4 19.Nd4 h6 20.Bd2 Bc5 21.Nb3 Bf8 22.
Nd4 Bc5 23.Nb3 Bf8 24.Nd4 Bc5 1/2-1/2

[Event "2nd GMA World Cup prel  #2"]
[Site "Moscow URS"]
[Date "1989.??.??"]
[Round "7"]
[White "Campora, Daniel Hugo"]
[Black "Murey, Jacob"]
[Result "1/2-1/2"]
[WhiteElo "2500"]
[BlackElo "2560"]
[EventDate "1989.05.??"]
[PlyCount "96"]

1.e4 e5 2.Nf3 Nc6 3.Bb5 a6 4.Ba4 Nf6 5.O-O Nxe4 6.d4 b5 7.Bb3 d5 8.a4 b4 
9.dxe5 Be6 10.a5 Nc5 11.Be3 Nxb3 12.cxb3 d4 13.Nxd4 Nxd4 14.Qxd4 Qxd4 15.
Bxd4 O-O-O 16.Be3 Bxb3 17.Nd2 Be6 18.Rfc1 Kb7 19.Ne4 Rd5 20.Bc5 Rxe5 21.f3
Bf5 22.Bxf8 Rxf8 23.Nc5+ Ka7 24.Nd7 Bxd7 25.Rxc7+ Kb8 26.Rxd7 Re2 27.b3 
Rb2 28.Re1 Rc8 29.Rxf7 Rc7 30.Rxc7 Kxc7 31.Re3 Kd6 32.h4 Ra2 33.Re4 Kc5 
34.Rc4+ Kb5 35.Rc7 Rb2 36.Rxg7 h6 37.f4 Rxb3 38.f5 Rc3 39.Rb7+ Kxa5 40.f6 
h5 41.f7 Rc8 42.Kf2 Ka4 43.Kf3 b3 44.g4 hxg4+ 45.Kxg4 a5 46.Kg5 Ka3 47.Kf6
b2 48.Kg7 a4 1/2-1/2

[Event "2nd GMA World Cup prel  #2"]
[Site "Moscow URS"]
[Date "1989.??.??"]
[Round "7"]
[White "Kuzmin, Gennady"]
[Black "Khalifman, Alexander"]
[Result "0-1"]
[WhiteElo "2505"]
[BlackElo "2545"]
[EventDate "1989.05.??"]
[PlyCount "98"]

1.c4 Nf6 2.Nf3 e6 3.d4 b6 4.g3 Bb7 5.Bg2 Be7 6.O-O O-O 7.Nbd2 d5 8.b3 c5 
9.Bb2 Nc6 10.e3 Ne4 11.cxd5 exd5 12.Ne5 Nxe5 13.dxe5 f5 14.Qe2 Qc7 15.Rfd1
Rad8 16.Rac1 a5 17.Kh1 Bc6 18.Kg1 Qd7 19.f3 Ng5 20.h4 Ne6 21.f4 b5 22.Bf3 
b4 23.Nc4 Qc7 24.Nd6 Bxd6 25.exd6 Qxd6 26.Be5 Qd7 27.Qg2 Ba8 28.Rc2 d4 29.
Bxa8 Rxa8 30.exd4 cxd4 31.Rc6 Rad8 32.Rb6 Qf7 33.Rb5 d3 34.Rxa5 Rd7 35.Rd2
Rfd8 36.Rb5 Qe7 37.Qc6 Nd4 38.Qc4+ Kh8 39.Kf2 Nxb5 40.Qxb5 Rd5 41.Qb6 Qc5+
42.Qxc5 Rxc5 43.Ke3 Rcd5 44.h5 Kg8 45.Kf2 Kf7 46.Ke1 Rc5 47.Kd1 Rc6 48.Rb2
Rh6 49.Rh2 d2 0-1

[Event "2nd GMA World Cup prel  #2"]
[Site "Moscow URS"]
[Date "1989.??.??"]
[Round "7"]
[White "Zapata, Alonso"]
[Black "Lobron, Eric"]
[Result "0-1"]
[WhiteElo "2490"]
[BlackElo "2555"]
[EventDate "1989.05.??"]
[PlyCount "94"]

1.e4 e6 2.d4 d5 3.Nd2 c5 4.Ngf3 cxd4 5.exd5 Qxd5 6.Bc4 Qd6 7.O-O Nf6 8.Nb3
Nc6 9.Nbxd4 Nxd4 10.Nxd4 Bd7 11.a4 a6 12.b3 Qc7 13.Qe2 Bd6 14.h3 O-O 15.
Bb2 e5 16.Nf3 e4 17.Nd2 Bh2+ 18.Kh1 Be5 19.Bxe5 Qxe5 20.a5 Rae8 21.Rfe1 
Kh8 22.Qe3 Qh5 23.Be2 Qg6 24.c4 Ng8 25.Qf4 f5 26.Nf1 Qf6 27.Rad1 Be6 28.
Rd6 Ne7 29.Rb6 Ng6 30.Qe3 Re7 31.Rd1 Qe5 32.Qd4 Qxa5 33.c5 Rd7 34.Qa1 Qxa1
35.Rxa1 Nf4 36.Ne3 Nxe2 37.Rxe6 Nd4 38.Rb6 f4 39.Nc4 Nc6 40.Re1 Re7 41.Kg1
h6 42.Nd6 e3 43.Nxb7 Nd4 44.Na5 f3 45.Rxe3 Ne2+ 46.Kf1 Rxe3 47.fxe3 Ng3+ 
0-1

[Event "2nd GMA World Cup prel  #2"]
[Site "Moscow URS"]
[Date "1989.??.??"]
[Round "7"]
[White "Hansen, Curt"]
[Black "Karpman, Vadim"]
[Result "1-0"]
[WhiteElo "2545"]
[BlackElo "2480"]
[EventDate "1989.05.??"]
[PlyCount "53"]

1.c4 Nf6 2.Nf3 b6 3.Nc3 Bb7 4.d4 e6 5.a3 d5 6.cxd5 Nxd5 7.Qc2 Be7 8.Bd2 
Nxc3 9.Bxc3 Qd5 10.Nd2 O-O 11.e4 Qg5 12.h4 Qh6 13.g3 Nd7 14.Bg2 c5 15.dxc5
Nxc5 16.b4 Nd7 17.O-O Rac8 18.Qb2 Bf6 19.Rac1 Rxc3 20.Rxc3 Qh5 21.Rfc1 
Bxc3 22.Qxc3 Rc8 23.Nc4 Ne5 24.Qd2 Nf3+ 25.Bxf3 Qxf3 26.Nd6 Rd8 27.Nxb7 
1-0

[Event "2nd GMA World Cup prel  #2"]
[Site "Moscow URS"]
[Date "1989.??.??"]
[Round "7"]
[White "Stefansson, Hannes Hlifar"]
[Black "Csom, Istvan"]
[Result "1-0"]
[WhiteElo "2480"]
[BlackElo "2545"]
[EventDate "1989.05.??"]
[PlyCount "77"]

1.e4 c5 2.Nf3 d6 3.d4 cxd4 4.Nxd4 Nf6 5.Nc3 Nc6 6.Bc4 Qb6 7.Nb3 e6 8.O-O 
Be7 9.Re1 O-O 10.Bf1 a6 11.a4 Qc7 12.Bg5 b6 13.Qd3 Bb7 14.Qg3 Rfe8 15.Rad1
Rad8 16.Nd4 Nb4 17.Bh6 g6 18.Rd2 Rc8 19.Bg5 Nh5 20.Qe3 Bxg5 21.Qxg5 Qc5 
22.Qh6 Rcd8 23.Nf3 f6 24.Re3 Qc7 25.Ne2 Nc6 26.Rc3 e5 27.Qe3 b5 28.axb5 
axb5 29.Rb3 b4 30.c3 Na5 31.Rxb4 Nc4 32.Qa7 Re7 33.Qa2 d5 34.exd5 Nd6 35.
Rd1 Kg7 36.Ra1 Qc5 37.Qa5 Qxd5 38.Qxd8 Rf7 39.Rb6 1-0

[Event "2nd GMA World Cup prel  #2"]
[Site "Moscow URS"]
[Date "1989.??.??"]
[Round "7"]
[White "Gurevich, Dmitry"]
[Black "Yudasin, Leonid"]
[Result "1/2-1/2"]
[WhiteElo "2480"]
[BlackElo "2540"]
[EventDate "1989.05.??"]
[PlyCount "121"]

1.c4 c5 2.Nc3 Nf6 3.g3 d5 4.cxd5 Nxd5 5.Bg2 Nc7 6.Qa4+ Nd7 7.Nf3 e6 8.O-O 
Be7 9.d4 O-O 10.Rd1 Na6 11.Bf4 cxd4 12.Rxd4 Qb6 13.Rd2 Ndc5 14.Qd1 Bf6 15.
Ne5 Rd8 16.Rxd8+ Qxd8 17.Qxd8+ Bxd8 18.Rd1 Be7 19.Nc4 f6 20.Bd6 Kf8 21.a3 
e5 22.b4 Ne6 23.Nb5 Nd8 24.Na5 Bg4 25.Kf1 Rc8 26.h3 Bd7 27.Nxa7 Ra8 28.Bc7
Bxh3 29.Bxd8 Bxg2+ 30.Kxg2 Bxd8 31.Nxb7 Rxa7 32.Nxd8 Nb8 33.Rd3 Ke7 34.e4 
Rc7 35.b5 g6 36.g4 h5 37.gxh5 gxh5 38.Kg3 Rc4 39.f3 Rd4 40.Rxd4 exd4 41.
Nb7 d3 42.Kf2 Nd7 43.Na5 d2 44.Nc6+ Kd6 45.Ke2 h4 46.Nb4 Nc5 47.Nd5 h3 48.
Ne3 h2 49.Nf5+ Ke5 50.Ng3 Na4 51.Kxd2 Kf4 52.Nh1 Kxf3 53.Kd3 Nc5+ 54.Kd4 
Ne6+ 55.Kd3 Kg2 56.Ke3 Nc5 57.b6 Kxh1 58.Kf2 Nxe4+ 59.Kf1 Nc5 60.a4 Nb7 
61.Kf2 1/2-1/2

[Event "2nd GMA World Cup prel  #2"]
[Site "Moscow URS"]
[Date "1989.??.??"]
[Round "7"]
[White "Smagin, Sergei"]
[Black "Geller, Efim"]
[Result "1-0"]
[WhiteElo "2540"]
[BlackElo "2480"]
[EventDate "1989.05.??"]
[PlyCount "61"]

1.e4 e5 2.Nf3 Nc6 3.Bb5 a6 4.Ba4 Nf6 5.O-O Be7 6.Re1 b5 7.Bb3 O-O 8.c3 d5 
9.exd5 Nxd5 10.Nxe5 Nxe5 11.Rxe5 c6 12.d3 Bd6 13.Re1 Bf5 14.Qf3 Qd7 15.
Bxd5 cxd5 16.Bf4 Bxf4 17.Qxf4 Bxd3 18.Nd2 Rae8 19.Re3 Rxe3 20.Qxe3 Bg6 21.
Re1 h6 22.Nb3 Rc8 23.a3 Qc7 24.Nd4 Qc4 25.h4 a5 26.h5 Bxh5 27.Nf5 Rf8 28.
Qe5 Qg4 29.Nxg7 Bg6 30.Ne8 Qg5 31.Qg7# 1-0

[Event "2nd GMA World Cup prel  #2"]
[Site "Moscow URS"]
[Date "1989.??.??"]
[Round "7"]
[White "Huzman, Alexander"]
[Black "Balashov, Yury"]
[Result "1-0"]
[WhiteElo "2480"]
[BlackElo "2530"]
[EventDate "1989.05.??"]
[PlyCount "83"]

1.d4 Nf6 2.c4 e6 3.Nc3 Bb4 4.Qc2 O-O 5.a3 Bxc3+ 6.Qxc3 d6 7.g3 Qe7 8.Nf3 
Re8 9.Bg2 e5 10.O-O c5 11.dxe5 dxe5 12.Bg5 Nc6 13.Nd2 Nd4 14.Rae1 Bg4 15.
f3 Bf5 16.e3 Nc6 17.f4 Rad8 18.Bxc6 bxc6 19.e4 Bh3 20.Rf2 h6 21.Bxf6 Qxf6 
22.f5 Rd6 23.Nb3 Red8 24.Nxc5 Rd1 25.Re2 Qg5 26.Qe3 Qxe3+ 27.Rxe3 Rxe1+ 
28.Rxe1 Rd2 29.b4 h5 30.Nb3 Rg2+ 31.Kh1 Ra2 32.c5 Rxa3 33.Na5 f6 34.Nxc6 
a6 35.Ne7+ Kf7 36.Nd5 Ra2 37.Ne3 Ke7 38.Rc1 Rd2 39.c6 Rd8 40.c7 Rc8 41.
Nd5+ Kd6 42.Ra1 1-0

[Event "2nd GMA World Cup prel  #2"]
[Site "Moscow URS"]
[Date "1989.??.??"]
[Round "7"]
[White "Grunberg, Hans-Ulrich"]
[Black "Petursson, Margeir"]
[Result "0-1"]
[WhiteElo "2475"]
[BlackElo "2530"]
[EventDate "1989.05.??"]
[PlyCount "92"]

1.d4 Nf6 2.c4 e6 3.Nf3 d5 4.Bg5 dxc4 5.Qa4+ Nbd7 6.Qxc4 c5 7.Nc3 a6 8.dxc5
Bxc5 9.e3 b5 10.Qh4 Bb7 11.Be2 b4 12.Na4 Be7 13.O-O Qa5 14.b3 h6 15.Rac1 
O-O 16.Bxf6 Nxf6 17.Nd2 Rad8 18.Nc4 Qf5 19.Qg3 Bd5 20.Bf3 Ne4 21.Bxe4 Bxe4
22.Nab6 h5 23.Rfe1 h4 24.Qf4 Bf6 25.Qxf5 exf5 26.h3 Rd3 27.Red1 Rfd8 28.
Rxd3 Rxd3 29.Na4 Be7 30.Kf1 Rd8 31.f3 Bc6 32.Ke2 g5 33.Nab2 g4 34.Nd3 g3 
35.Nf4 Bb5 36.Nd3 a5 37.Rd1 a4 38.Ndb2 Rxd1 39.Nxd1 Bxc4+ 40.bxc4 a3 41.
Kd3 Kg7 42.f4 Kf6 43.Kc2 Ke6 44.Kb3 Kd7 45.e4 fxe4 46.Ne3 Bc5 0-1

[Event "2nd GMA World Cup prel  #2"]
[Site "Moscow URS"]
[Date "1989.??.??"]
[Round "7"]
[White "Adorjan, Andras"]
[Black "Lau, Ralf"]
[Result "1/2-1/2"]
[WhiteElo "2525"]
[BlackElo "2475"]
[EventDate "1989.05.??"]
[PlyCount "33"]

1.d4 d6 2.c4 e5 3.Nc3 exd4 4.Qxd4 Nf6 5.b3 Be7 6.Bb2 a5 7.g3 Nbd7 8.Bg2 
Nc5 9.Nf3 c6 10.O-O O-O 11.Rad1 Re8 12.Ng5 Bf8 13.Nge4 Nfxe4 14.Nxe4 Nxe4 
15.Bxe4 Qg5 16.Bf3 a4 17.Bc1 1/2-1/2

[Event "2nd GMA World Cup prel  #2"]
[Site "Moscow URS"]
[Date "1989.??.??"]
[Round "7"]
[White "Anastasian, Ashot"]
[Black "Malaniuk, Vladimir"]
[Result "1/2-1/2"]
[WhiteElo "2475"]
[BlackElo "2520"]
[EventDate "1989.05.??"]
[PlyCount "87"]

1.d4 f5 2.Nf3 d6 3.g3 Nf6 4.Bg2 g6 5.O-O Bg7 6.c4 O-O 7.b3 e5 8.dxe5 dxe5 
9.Ba3 Qxd1 10.Rxd1 Re8 11.Nc3 e4 12.Ne1 c6 13.f3 Ng4 14.fxg4 Bxc3 15.Rac1 
Bxe1 16.Rxe1 fxg4 17.Red1 Bf5 18.Rd4 Nd7 19.Rcd1 Nf6 20.Rd6 Kf7 21.Bb2 Re6
22.Rxe6 Kxe6 23.Kf2 a5 24.Ke3 a4 25.b4 a3 26.Bc3 Ra4 27.Rd8 b5 28.Rf8 Nd7 
29.Rc8 c5 30.Rc6+ Ke7 31.cxb5 cxb4 32.Bd4 b3 33.axb3 Rb4 34.Ra6 Rxb3+ 35.
Kf4 Rxb5 36.Rxa3 Nc5 37.Bxc5+ Rxc5 38.Ra4 Kf6 39.Bxe4 Be6 40.Ke3 Rh5 41.
Ra6 Ke7 42.Ra7+ Kf8 43.Ra8+ Kg7 44.Ra7+ 1/2-1/2

[Event "2nd GMA World Cup prel  #2"]
[Site "Moscow URS"]
[Date "1989.??.??"]
[Round "7"]
[White "Petrosian, Arshak"]
[Black "Tseshkovsky, Vitaly"]
[Result "1/2-1/2"]
[WhiteElo "2475"]
[BlackElo "2520"]
[EventDate "1989.05.??"]
[PlyCount "37"]

1.d4 Nf6 2.Nf3 g6 3.c4 Bg7 4.g3 O-O 5.Bg2 c5 6.Nc3 d6 7.O-O Nc6 8.dxc5 
dxc5 9.Be3 Qa5 10.Qb3 h6 11.Rad1 Nd7 12.Rd5 Nb4 13.Rd2 Nb6 14.Ne4 Be6 15.
Bxc5 Nc6 16.Bxb6 axb6 17.Nc3 Bxc3 18.bxc3 Qc5 19.Rb2 1/2-1/2

[Event "2nd GMA World Cup prel  #2"]
[Site "Moscow URS"]
[Date "1989.??.??"]
[Round "7"]
[White "Glek, Igor"]
[Black "Yurtaev, Leonid"]
[Result "0-1"]
[WhiteElo "2475"]
[BlackElo "2510"]
[EventDate "1989.05.??"]
[PlyCount "72"]

1.d4 Nf6 2.c4 g6 3.Nc3 Bg7 4.e4 d6 5.f4 c5 6.d5 O-O 7.Nf3 e6 8.Be2 exd5 9.
cxd5 Bg4 10.O-O Nbd7 11.Re1 Re8 12.h3 Bxf3 13.Bxf3 Qa5 14.Be3 b5 15.a3 Nb6
16.e5 Nc4 17.exf6 Nxe3 18.Rxe3 Rxe3 19.fxg7 Rae8 20.f5 gxf5 21.Ne2 Qd8 22.
Qc2 R8e5 23.a4 Qg5 24.Kh2 b4 25.Rf1 Qh4 26.Ng3 b3 27.Qf2 f4 28.Ne2 Qxf2 
29.Rxf2 Kxg7 30.Nxf4 c4 31.Nh5+ Kf8 32.Nf6 Rf5 33.Ng4 Rd3 34.Re2 c3 35.
bxc3 Rxc3 36.Rb2 Rfxf3 0-1